[Event "Druzynowe Mistrzostwa Polski Juniorow - Ekstraliga 2018"]
[Site "Kudowa-Zdroj"]
[Date "1899-12-30"]
[Round "1.1"]
[White "Szustakowski, Antoni"]
[Black "Lukasiewicz, Krzysztof"]
[Result "1-0"]
[WhiteTitle "FM"]
[BlackTitle "k"]
[WhiteElo "2330"]
[BlackElo "2247"]

1. d4 d5 2. c4 e6 3. Nc3 Nf6 4. cxd5 exd5 5. Bg5 Be7 6. e3 c6 7. Qc2 Nbd7 8. Bd3
Nh5 9. Bxe7 Qxe7 10. O-O-O g6 11. h3 Nb6 12. g4 Ng7 13. Nf3 Be6 14. Kb1 O-O-O
15. a4 Qb4 16. Be2 f6 17. Ne1 Nc4 18. Ka1 h5 19. Nd3 Qe7 20. Nf4 g5 21. Ng6 Qb4
22. Nxh8 Rxh8 23. Bxc4 dxc4 24. Rhg1 Kb8 25. e4 Bd7 26. Na2 Qb3 27. Qxb3 cxb3
28. Nc1 hxg4 29. hxg4 c5 30. dxc5 Bxa4 31. Rd4 Bc6 32. Nxb3 Rh2 33. f3 Rf2 34.
Rd3 Bb5 35. Rd2 Rxd2 36. Nxd2 Ne6 37. b4 a5 38. bxa5 Nxc5 39. Kb2 Kc7 40. Kc3
Nd7 41. Kd4 Kd6 42. Rb1 Ba6 43. Nc4+ Ke6 44. Rb3 Nb8 45. Rb6+ Nc6+ 46. Kc5 Kd7
47. Ne3 Nxa5 48. Nd5 Be2 49. Rxf6 Nb3+ 50. Kb4 Nd4 51. Nc3 Bxf3 52. Kc4 Nc6 53.
Rf5 Bxg4 54. Rxg5 Ke6 55. Kd3 Kf6 56. Rb5 Nd8 57. Nd5+ Kf7 58. Kd4 Bf3 59. Nc3
Ke7 60. Ke5 Bg2 61. Nd5+ Kd7 62. Nf4 Bf3 63. Rd5+ Kc7 64. Kd4 Bg4 65. Rg5 Bd7
66. Nd5+ Kd6 67. e5+ Kc6 68. Ne7+ Kc7 69. Ke4 Ne6 70. Rg6 b5 71. Nd5+ Kb7 72.
Nb4 Kc7 73. Rf6 Kd8 74. Kd5 Nc7+ 75. Kc5 Be8 76. Kd6 Bd7 77. Rf7 Ne8+ 78. Kc5
Nc7 79. Nc6+ Kc8 80. Rf8+ Be8 81. Kd6 Kb7 82. Nb4 Bh5 83. Rh8 Bg6 84. e6 Ne8+
85. Ke7 Nc7 86. Kf6 Be8 87. e7 Kb6 88. Ke5 Bf7 89. Rf8 Bh5 90. Nd5+ Nxd5 91. Kxd5
Ka5 92. Kc5 Ka4 93. Ra8+ Kb3 94. Kxb5 1-0

[Event "Druzynowe Mistrzostwa Polski Juniorow - Ekstraliga 2018"]
[Site "Kudowa-Zdroj"]
[Date "1899-12-30"]
[Round "1.2"]
[White "Sernecki, Franciszek"]
[Black "Kowalski, Igor"]
[Result "1/2-1/2"]
[WhiteTitle "I+"]
[BlackTitle "FM"]
[WhiteElo "2175"]
[BlackElo "2324"]

1. e4 e5 2. Nf3 Nc6 3. Bb5 a6 4. Ba4 Nf6 5. O-O b5 6. Bb3 Bc5 7. c3 d6 8. d4 Bb6
9. dxe5 Nxe5 10. Nxe5 dxe5 11. Qxd8+ Kxd8 12. Bxf7 Rf8 13. Bd5 Nxd5 14. exd5 Bb7
15. Be3 Bxe3 16. fxe3 Rxf1+ 17. Kxf1 Bxd5 18. Nd2 Ke7 19. Ke2 c5 20. b3 g6 21.
e4 Bc6 22. Ke3 Ke6 23. c4 b4 24. a3 a5 25. a4 Rd8 26. Rf1 h6 27. Nf3 Rd7 28. Nd2
Rd8 29. Nf3 Rd7 30. Nd2 Rd8 1/2-1/2

[Event "Druzynowe Mistrzostwa Polski Juniorow - Ekstraliga 2018"]
[Site "Kudowa-Zdroj"]
[Date "1899-12-30"]
[Round "1.3"]
[White "Iwaszkiewicz, Krzysztof"]
[Black "Kosior, Jan"]
[Result "1-0"]
[WhiteTitle "II+"]
[BlackTitle "II"]
[WhiteElo "1683"]
[BlackElo "1466"]

1. d4 Nf6 2. c4 e6 3. Nc3 Bb4 4. Qc2 d5 5. a3 Bxc3+ 6. Qxc3 Nc6 7. Nf3 h6 8. h3
dxc4 9. Qxc4 Qd5 10. e3 Qxc4 11. Bxc4 O-O 12. O-O a6 13. b4 b5 14. Be2 Bb7 15.
Bb2 Rad8 16. Rac1 Rd7 17. Rc2 Nd5 18. Rfc1 Nde7 19. Nd2 Rfd8 20. Bf3 f5 21. Bxc6
Bxc6 22. Rxc6 Nxc6 23. Rxc6 Kf7 24. Nf3 Rd6 25. Rxc7+ Kg8 26. Ne5 Rb6 27. Bc3
Rdd6 28. Rc5 Rd8 29. Kf1 Rd5 30. Ke2 Rd8 31. Kd2 Rbd6 32. Kc2 Rb6 33. Kb3 Rbd6
34. Rc7 Rb6 35. Nd3 Rdd6 36. Nc5 g5 37. Ra7 h5 38. Kc2 g4 39. hxg4 hxg4 40. Kd2
e5 41. Nd7 exd4 42. Bxd4 Rbc6 43. Ra8+ 1-0

[Event "Druzynowe Mistrzostwa Polski Juniorow - Ekstraliga 2018"]
[Site "Kudowa-Zdroj"]
[Date "1899-12-30"]
[Round "1.4"]
[White "Wieczorek, Mikolaj"]
[Black "Rak, Jacek"]
[Result "1-0"]
[WhiteTitle "I"]
[BlackTitle "II"]
[WhiteElo "1651"]
[BlackElo "1457"]

1. e4 c5 2. Nf3 Nc6 3. d4 cxd4 4. Nxd4 Nf6 5. Nc3 e6 6. Ndb5 d6 7. Bf4 e5 8. Bg5
a6 9. Na3 Be7 10. Nc4 b5 11. Bxf6 Bxf6 12. Nxd6+ Kf8 13. Nxc8 Qxc8 14. Nd5 Qb7
15. Bd3 Be7 16. O-O Nb4 17. Nxb4 Bxb4 18. a4 Ke7 19. c3 Bd6 20. Qb3 b4 21. Bc4
Raf8 22. Bd5 Qb8 23. cxb4 Qxb4 24. Qd3 a5 25. Qg3 g6 26. Qh4+ f6 27. Qh6 Kd7 28.
Rfd1 Qb6 29. Qg7+ Kc8 30. Rac1+ Bc5 31. Rxc5+ Qxc5 32. Qb7+ Kd8 33. Bc6+ 1-0

[Event "Druzynowe Mistrzostwa Polski Juniorow - Ekstraliga 2018"]
[Site "Kudowa-Zdroj"]
[Date "1899-12-30"]
[Round "1.5"]
[White "Malicka, Maria"]
[Black "Frej, Zofia"]
[Result "1/2-1/2"]
[WhiteTitle "WCM"]
[BlackTitle "k"]
[WhiteElo "2174"]
[BlackElo "1938"]

1. e4 e6 2. d4 d5 3. Nc3 dxe4 4. Nxe4 Nd7 5. Nf3 Ngf6 6. Bg5 h6 7. Bxf6 Nxf6 8.
Bd3 Be7 9. Qe2 Nd5 10. g3 O-O 11. O-O-O Bd7 12. c4 Nb4 13. Bb1 f5 14. Nc3 Bg5+
15. Nxg5 Qxg5+ 16. f4 Qf6 17. Rhe1 Rfe8 18. Qe5 Qxe5 19. Rxe5 g6 20. Ree1 Rad8
21. a3 Na6 22. b4 c6 23. Na4 Kf7 24. Nb2 Kf6 25. Nd3 Bc8 26. Ne5 Nb8 27. c5 b5
28. cxb6 axb6 29. Re3 Ba6 30. Ba2 Rd6 31. Bc4 Bb7 32. Red3 Red8 33. R3d2 Nd7 34.
Be2 b5 35. Nxd7+ R6xd7 36. Bf3 Ra8 37. Kb2 Rd6 38. Rd3 Rad8 39. Kc3 Ra8 40. Kd2
Rad8 41. Ke3 Rh8 42. Rc1 Rhd8 43. Rc5 Ke7 44. g4 R8d7 45. Rc1 Kf6 46. h4 g5 47.
hxg5+ hxg5 48. fxg5+ Kxg5 49. gxf5 exf5 50. Rg1+ Kf6 51. Rh1 f4+ 52. Kxf4 Rxd4+
53. Rxd4 Rxd4+ 54. Ke3 Rd6 55. Rh8 Ke5 56. Re8+ Re6 57. Rh8 Kd6+ 58. Kd4 Ke5+
1/2-1/2

[Event "Druzynowe Mistrzostwa Polski Juniorow - Ekstraliga 2018"]
[Site "Kudowa-Zdroj"]
[Date "1899-12-30"]
[Round "1.6"]
[White "Scisla, Oliwia"]
[Black "Mezykowska, Emilia"]
[Result "0-1"]
[WhiteTitle "I+"]
[BlackTitle "I"]
[WhiteElo "1345"]
[BlackElo "1622"]

1. e4 e5 2. Bc4 Nf6 3. d3 c6 4. Bb3 d5 5. Nd2 Bd6 6. Ngf3 O-O 7. O-O a5 8. c3 Na6
9. Bc2 Re8 10. Re1 Bg4 11. h3 Bh5 12. Nf1 Nc5 13. Ng3 Bg6 14. Nh2 h6 15. Ng4 Nxg4
16. Qxg4 Qd7 17. Qf3 Bc7 18. Be3 Ne6 19. Ne2 d4 20. cxd4 exd4 21. Bd2 Nc5 22.
Nf4 Qd6 23. g3 Qf6 24. Kg2 Ne6 25. Nxg6 Qxg6 26. h4 Nc5 27. b4 axb4 28. Bxb4 Nd7
29. Bd2 Qf6 30. Qxf6 Nxf6 31. Bb3 Ba5 32. Rad1 Nd7 33. Re2 Bxd2 34. Rexd2 Nc5
35. Rc1 Nxb3 36. axb3 Red8 37. Rc4 Ra5 38. Rb4 b5 39. Rc2 Ra6 40. f4 Kf8 41. e5
Rd5 42. Kf3 f5 43. exf6 gxf6 44. g4 Rd6 45. Ke4 Ra8 46. Kf3 Rb8 47. Rc5 Re8 48.
Kf2 Kf7 49. Rc2 Rb8 50. Rc5 Ke6 51. Kf3 Kd7 52. Rc2 Rd5 53. Ke4 Kd6 54. Rcc4 Re8+
55. Kf3 bxc4 56. bxc4 Ra5 0-1

[Event "Druzynowe Mistrzostwa Polski Juniorow - Ekstraliga 2018"]
[Site "Kudowa-Zdroj"]
[Date "1899-12-30"]
[Round "1.7"]
[White "Kosakowski, Jakub"]
[Black "Koziol, Kamil"]
[Result "1/2-1/2"]
[WhiteTitle "FM"]
[BlackTitle "FM"]
[WhiteElo "2324"]
[BlackElo "2257"]

1. e4 c5 2. Nf3 Nc6 3. d4 cxd4 4. Nxd4 Nf6 5. Nc3 d6 6. Bg5 Qb6 7. Nb3 e6 8. Qd2
Be7 9. f3 O-O 10. O-O-O Rd8 11. h4 d5 12. exd5 Nxd5 13. Nxd5 Rxd5 14. Bd3 Nb4
15. Qe2 f6 16. Be3 Nxd3+ 17. Rxd3 Qa6 18. Rhd1 e5 19. Qd2 Rxd3 20. Qxd3 Qxd3 21.
Rxd3 b6 22. a4 Be6 23. a5 Rb8 24. axb6 axb6 25. Rc3 b5 26. Rc7 Rc8 27. Rxc8+ Bxc8
28. f4 exf4 29. Bxf4 g5 30. hxg5 fxg5 31. Be3 h5 32. Kd2 h4 33. Ke2 Kf7 1/2-1/2

[Event "Druzynowe Mistrzostwa Polski Juniorow - Ekstraliga 2018"]
[Site "Kudowa-Zdroj"]
[Date "1899-12-30"]
[Round "1.9"]
[White "Karolczuk, Iwo"]
[Black "Oleksy, Krzysztof"]
[Result "1-0"]
[WhiteTitle "I"]
[BlackTitle "I"]
[WhiteElo "1783"]
[BlackElo "1813"]

1. c4 e5 2. g3 Nc6 3. Nc3 g6 4. Bg2 Bg7 5. e3 d6 6. Nf3 f5 7. d4 e4 8. Nd2 Nf6
9. O-O O-O 10. f3 exf3 11. Nxf3 Re8 12. Ne1 Rb8 13. Nc2 Bd7 14. b4 a6 15. a4 Qe7
16. Bd2 Nd8 17. a5 Nf7 18. b5 Ng5 19. Nb4 axb5 20. cxb5 Nge4 21. Nbd5 Nxd5 22.
Nxd5 Qd8 23. Bxe4 fxe4 24. Nc3 h5 25. Qc2 Bf5 26. Nd5 Rc8 27. a6 bxa6 28. Rxa6
h4 29. Ba5 hxg3 30. hxg3 Bh3 31. Rf4 Qg5 32. Kh2 Qxd5 33. Kxh3 Bh6 34. Rg4 Qh5+
35. Rh4 Qf5+ 36. Kh2 Bg5 37. Rh3 Kg7 38. d5 Rh8 39. Bc3+ Bf6 40. Bxf6+ Qxf6 41.
Rxh8 Rxh8+ 42. Kg1 Rf8 43. Qe2 Qe5 44. Kg2 Rf3 45. Qe1 Qb2+ 46. Kh3 Qxb5 47. Qc3+
Kg8 48. Ra8+ Rf8 49. Rxf8+ Kxf8 50. Qf6+ Ke8 51. Qxg6+ Kd7 52. Qf5+ Kd8 53. Qxe4
Qf1+ 54. Kg4 Qe2+ 55. Kg5 Qb2 56. g4 Qg7+ 57. Kf4 Qh6+ 58. g5 Qh4+ 59. Kf5 Qf2+
60. Qf4 Qc2+ 61. e4 Qc3 62. g6 Kd7 63. Kg5 c5 64. Qf7+ Kc8 65. g7 Qe3+ 66. Qf4
Qg1+ 67. Qg4+ 1-0

[Event "Druzynowe Mistrzostwa Polski Juniorow - Ekstraliga 2018"]
[Site "Kudowa-Zdroj"]
[Date "1899-12-30"]
[Round "1.10"]
[White "Seemann, Jakub"]
[Black "Szydlo, Michal"]
[Result "1-0"]
[WhiteTitle "I"]
[BlackTitle "I"]
[WhiteElo "1814"]
[BlackElo "1697"]

1. e4 c5 2. Nf3 d6 3. d4 cxd4 4. Nxd4 Nf6 5. Nc3 a6 6. Bg5 e6 7. f4 Qc7 8. Bxf6
gxf6 9. Qf3 Nc6 10. O-O-O b5 11. Nxc6 Qxc6 12. f5 b4 13. Ne2 e5 14. Ng3 Bb7 15.
b3 Rc8 16. Bc4 Qb6 17. Bd5 Rc5 18. Bxb7 Qxb7 19. Nh5 Bh6+ 20. Kb1 Ke7 21. Nxf6
Kxf6 22. Rxd6+ Ke7 23. Rhd1 Re8 24. Rxh6 Rd8 25. f6+ Ke8 26. Rxh7 1-0

[Event "Druzynowe Mistrzostwa Polski Juniorow - Ekstraliga 2018"]
[Site "Kudowa-Zdroj"]
[Date "1899-12-30"]
[Round "1.11"]
[White "Koruch, Maria"]
[Black "Kucharska, Honorata"]
[Result "0-1"]
[WhiteTitle "I"]
[BlackTitle "WFM"]
[WhiteElo "1714"]
[BlackElo "2029"]

1. e4 c5 2. Nf3 a6 3. c4 e6 4. Nc3 Nc6 5. d4 cxd4 6. Nxd4 Qc7 7. Be2 Nf6 8. a3
Be7 9. O-O O-O 10. h3 b6 11. Be3 Bb7 12. Rc1 Rfd8 13. Nxc6 dxc6 14. Qb3 c5 15.
Bf3 Nd7 16. Rfd1 Bc6 17. Rd2 Ne5 18. Be2 Rxd2 19. Bxd2 Ng6 20. Rd1 Rb8 21. Qc2
Bf6 22. b4 Bd4 23. Bf3 Nh4 24. Be3 Qe5 25. Bxd4 cxd4 26. Ne2 Nxf3+ 27. gxf3 Qg5+
28. Kh2 e5 29. f4 Qh4 30. Ng3 Qxf4 31. Kg1 Bd7 32. Kg2 Qh4 33. Rh1 Bc6 34. c5
b5 35. f3 g6 36. Qd3 Ra8 37. Qd2 Rf8 38. Qe2 Kh8 39. a4 Qf4 40. Re1 h5 41. a5
h4 42. Nh1 f5 43. Nf2 Qg3+ 44. Kh1 fxe4 45. Rg1 Qxf3+ 46. Qxf3 Rxf3 47. Rxg6 e3
48. Rxc6 exf2 0-1

[Event "Druzynowe Mistrzostwa Polski Juniorow - Ekstraliga 2018"]
[Site "Kudowa-Zdroj"]
[Date "1899-12-30"]
[Round "1.12"]
[White "Kroliczek, Gabriela"]
[Black "Arciszewska, Zuzanna"]
[Result "1-0"]
[WhiteTitle "I++"]
[BlackTitle "I"]
[WhiteElo "1736"]
[BlackElo "1301"]

1. e4 c5 2. Nf3 e6 3. d4 cxd4 4. Nxd4 a6 5. Bd3 Qc7 6. Nc3 Nf6 7. O-O b5 8. Re1
d6 9. a4 b4 10. Na2 e5 11. Nf3 a5 12. c3 bxc3 13. Nxc3 Be7 14. h3 h6 15. Be3 Be6
16. Rc1 Nc6 17. Bb5 Bd7 18. Nd5 Qb7 19. Nb6 Nb4 20. Bxd7+ Nxd7 21. Nxa8 Qxa8 22.
Qb3 Nf6 23. Qc4 O-O 24. Nd2 Rd8 25. Red1 Rb8 26. b3 Bf8 27. f3 d5 28. exd5 Nfxd5
29. Bf2 Nf4 30. Nf1 Nbd5 31. Ne3 Nb4 32. Rd7 Ne6 33. Ng4 Rb7 34. Rcd1 Rxd7 35.
Rxd7 Qe8 36. Rb7 f6 37. Ra7 Kh8 38. Rxa5 Nf4 39. Bc5 Nc6 40. Rb5 Bxc5+ 41. Rxc5
Ne7 42. a5 Qd7 43. Nf2 Qd2 44. g3 Ne2+ 45. Kf1 Nxg3+ 46. Kg2 Ngf5 47. Qc1 Nh4+
48. Kf1 Qd4 49. Rc4 Qd5 50. Rxh4 Qxf3 51. Qd1 Qb7 52. Qd3 Qc8 53. Rc4 Qe6 54.
Rb4 Qc6 55. Rb8+ Ng8 56. Qc4 Qxc4+ 57. bxc4 1-0

[Event "Druzynowe Mistrzostwa Polski Juniorow - Ekstraliga 2018"]
[Site "Kudowa-Zdroj"]
[Date "1899-12-30"]
[Round "1.13"]
[White "Szpar, Milosz"]
[Black "Chylewski, Patryk"]
[Result "0-1"]
[WhiteTitle "FM"]
[BlackTitle "FM"]
[WhiteElo "2349"]
[BlackElo "2335"]

1. e4 c5 2. Nf3 d6 3. Bb5+ Bd7 4. Bxd7+ Qxd7 5. c4 Nc6 6. Nc3 g6 7. d4 cxd4 8.
Nxd4 Bg7 9. Be3 Nf6 10. f3 O-O 11. O-O Rfc8 12. b3 Qd8 13. Qd2 a6 14. Rfd1 Qa5
15. Nce2 Qxd2 16. Rxd2 b5 17. cxb5 Nxd4 18. Bxd4 axb5 19. a4 bxa4 20. bxa4 Ra5
21. Rda2 Nd7 22. Bxg7 Kxg7 23. Rb1 Nc5 24. Nc3 Nd3 25. Nd5 e6 26. Ne3 Rc3 27.
Nd1 Rc6 28. Rd2 Nc5 29. Nb2 Nxa4 30. Ra1 Nxb2 31. Rxa5 Nc4 32. Raa2 Nxd2 33. Rxd2
Kf6 34. Kf2 Ke5 35. Ra2 Rc7 36. Ke3 Rc3+ 37. Kd2 Rb3 38. Kc2 Rb7 39. Kd3 f5 40.
Ra5+ Kf4 41. exf5 gxf5 42. Ra4+ Ke5 43. Rh4 Rg7 44. g3 Ra7 45. Rh5 Kd5 46. g4
Ra3+ 47. Ke2 Kd4 48. Rxh7 Ra2+ 49. Kf1 Ke3 50. g5 Kxf3 51. Rh3+ Kg4 52. Rg3+ Kh5
53. g6 Ra8 54. g7 Rg8 55. Kf2 Kh6 56. Rd3 Kxg7 57. Rxd6 Kf6 58. Ra6 Rg6 59. Kf3
Kg5 60. Ra5 Rh6 61. Kg3 Rh8 62. Ra4 Rb8 63. Ra5 Rb3+ 64. Kg2 Re3 65. Kf2 Kf4 66.
Ra4+ Re4 67. Ra3 e5 68. Rh3 Kg5 69. Ra3 Rb4 70. Rg3+ Rg4 71. Ra3 Rf4+ 72. Kg2
Rb4 73. Rg3+ Rg4 0-1

[Event "Druzynowe Mistrzostwa Polski Juniorow - Ekstraliga 2018"]
[Site "Kudowa-Zdroj"]
[Date "1899-12-30"]
[Round "1.14"]
[White "Sanz Wawer, Daniel"]
[Black "Mis, Mieszko"]
[Result "1/2-1/2"]
[WhiteTitle "k"]
[BlackTitle "FM"]
[WhiteElo "2233"]
[BlackElo "2291"]

1. d4 Nf6 2. c4 g6 3. f3 c5 4. d5 Bg7 5. e4 d6 6. Nc3 e6 7. Nge2 exd5 8. cxd5 a6
9. a4 Nbd7 10. Ng3 Nh5 11. Nxh5 gxh5 12. Be3 Ne5 13. Qd2 f5 14. Be2 O-O 15. O-O
Qf6 16. exf5 Bxf5 17. Ne4 Bxe4 18. fxe4 Qg6 19. Qc2 Rae8 20. Bf4 Nd7 21. Bd3 Be5
22. Bxe5 Nxe5 23. Be2 Qg5 24. Qc3 Ng6 25. Rxf8+ Rxf8 26. Rf1 Nf4 27. Bf3 h4 28.
Kh1 Ng6 29. Qe1 Ne5 30. Bd1 Rxf1+ 31. Qxf1 Qe3 32. h3 Qxe4 33. Bh5 Kg7 34. Qf2
Ng6 35. Qd2 Qf5 36. Bf3 Ne5 37. Be2 h6 38. Qa5 Qb1+ 39. Kh2 Qxb2 40. Bh5 Nd7 41.
Qc7 Qe5+ 42. Kh1 Qe7 43. Bg4 c4 44. Bxd7 Qe1+ 45. Kh2 Qg3+ 1/2-1/2

[Event "Druzynowe Mistrzostwa Polski Juniorow - Ekstraliga 2018"]
[Site "Kudowa-Zdroj"]
[Date "1899-12-30"]
[Round "1.15"]
[White "Chyzy, Jakub"]
[Black "Redzisz, Michal"]
[Result "1/2-1/2"]
[WhiteTitle "k"]
[BlackTitle "I"]
[WhiteElo "2100"]
[BlackElo "1937"]

1. e4 c5 2. Nf3 Nc6 3. d4 cxd4 4. Nxd4 g6 5. Nc3 Bg7 6. Be3 Nf6 7. Nxc6 bxc6 8.
e5 Ng8 9. f4 f6 10. Bd4 Nh6 11. exf6 Bxf6 12. Bxf6 exf6 13. Qe2+ Qe7 14. Qxe7+
Kxe7 15. O-O-O d5 16. h3 Nf5 17. g4 Ng3 18. Rg1 Nxf1 19. Rdxf1 Kd6 20. Rd1 Re8
21. Rge1 Rxe1 22. Rxe1 Bd7 23. Rg1 Re8 24. Kd2 c5 25. b3 d4 26. Ne2 Re4 27. Rg3
Bb5 28. c4 Bc6 29. a3 a5 30. Rd3 Ba8 31. Rg3 Bc6 32. Rd3 Ba8 33. Rg3 Kd5 1/2-1/2

[Event "Druzynowe Mistrzostwa Polski Juniorow - Ekstraliga 2018"]
[Site "Kudowa-Zdroj"]
[Date "1899-12-30"]
[Round "1.16"]
[White "Marcinczyk, Monika"]
[Black "Czernek, Tymon"]
[Result "1-0"]
[WhiteTitle "WCM"]
[BlackTitle "I++"]
[WhiteElo "1891"]
[BlackElo "1949"]

1. e4 c5 2. Nf3 d6 3. d4 cxd4 4. Nxd4 Nf6 5. Nc3 a6 6. Be2 e5 7. Nb3 Be7 8. O-O
O-O 9. Be3 Be6 10. Qd2 Nbd7 11. a4 Qc7 12. a5 Rac8 13. h3 Rfd8 14. Rfd1 Nc5 15.
Nxc5 dxc5 16. Qe1 Rxd1 17. Bxd1 h6 18. Bf3 Rd8 19. Na4 Bd7 20. Qc3 Bxa4 21. Rxa4
Rd6 22. Kh2 Rd4 23. Qb3 Rxa4 24. Qxa4 Kh7 25. Be2 Bd6 26. Bc4 Kg8 27. f3 Qd7 28.
Qb3 Qc7 29. Kg3 Kf8 30. Kf2 Kg8 31. Ke2 Kf8 32. h4 Ne8 33. Bd5 Qxa5 34. Qxb7 Qb5+
35. c4 Qxb7 36. Bxb7 a5 37. Kd3 Nf6 38. Kc2 Nd7 39. Kb3 Nb6 40. Bc6 Ke7 41. Bd2
Nd7 42. Bxd7 Kxd7 43. Bxa5 g6 44. Ka4 Kc6 45. Bd2 h5 46. Bg5 f5 47. g3 fxe4 48.
fxe4 Bc7 49. Be7 Bb8 50. b4 cxb4 51. Kxb4 Bc7 52. c5 Kd7 53. Bd6 Kc6 54. Bxc7
Kxc7 55. Kb5 Kb7 56. c6+ 1-0

[Event "Druzynowe Mistrzostwa Polski Juniorow - Ekstraliga 2018"]
[Site "Kudowa-Zdroj"]
[Date "1899-12-30"]
[Round "1.17"]
[White "Swiech, Joanna"]
[Black "Moscicka, Pola"]
[Result "0-1"]
[WhiteTitle "k"]
[BlackTitle "k+"]
[WhiteElo "1832"]
[BlackElo "1934"]

1. d4 Nf6 2. c4 c5 3. d5 e6 4. Nc3 exd5 5. cxd5 d6 6. e4 g6 7. Bd3 Bg7 8. Nge2
O-O 9. O-O a6 10. a4 Nbd7 11. f3 Rb8 12. Ng3 Ne8 13. Be3 Nc7 14. a5 b5 15. axb6
Rxb6 16. Qd2 Nb5 17. Nxb5 axb5 18. Ra5 Ne5 19. b3 c4 20. bxc4 bxc4 21. Bc2 c3
22. Qe2 Rb2 23. Rfa1 Rxc2 24. Qxc2 Nc4 25. Qf2 c2 26. R5a2 Nxe3 27. Qxe3 Bxa1
28. Rxa1 Qc7 29. Ne2 Qc4 30. Nd4 Bd7 31. Rc1 Ba4 32. Kf2 Rb8 33. Ne2 Rb3 34. Qd4
Qxd4+ 35. Nxd4 Rd3 36. Ne2 f5 37. Ra1 Bb5 38. Nc1 Rd2+ 39. Kg3 Bf1 40. exf5 g5
41. Kg4 Rxg2+ 42. Kh5 Kf7 43. h4 gxh4 44. Kxh4 Kf6 45. Ra4 Kxf5 46. Re4 Rd2 47.
Kg3 Rxd5 48. Nb3 Rd3 49. Nc1 Rd1 50. Nb3 c1=Q 0-1

[Event "Druzynowe Mistrzostwa Polski Juniorow - Ekstraliga 2018"]
[Site "Kudowa-Zdroj"]
[Date "1899-12-30"]
[Round "1.18"]
[White "Trzaskowska, Hanna"]
[Black "Wikar, Martyna"]
[Result "1-0"]
[WhiteTitle "I"]
[BlackTitle "I++"]
[WhiteElo "1505"]
[BlackElo "1955"]

1. e4 c5 2. Nf3 d6 3. d4 cxd4 4. Nxd4 Nf6 5. f3 e5 6. Bb5+ Bd7 7. Bxd7+ Nbxd7 8.
Nf5 Nb6 9. c4 Qd7 10. Bg5 Nxc4 11. Bxf6 gxf6 12. Nc3 Nb6 13. a4 d5 14. a5 d4 15.
axb6 dxc3 16. bxc3 Qc6 17. Qa4 Bc5 18. Qxc6+ bxc6 19. bxa7 Kd7 20. Ke2 Rxa7 21.
Rxa7+ Bxa7 22. Rd1+ Kc7 23. Rd6 Rg8 24. g4 Rg6 25. h4 Bc5 26. Rd1 Rg8 27. Kd3
Ra8 28. Nh6 Ra2 29. Rd2 Ra1 30. Nxf7 Rf1 31. Kc2 Rxf3 32. g5 Be7 33. gxf6 Bxf6
34. Ng5 h6 35. Nxf3 1-0

[Event "Druzynowe Mistrzostwa Polski Juniorow - Ekstraliga 2018"]
[Site "Kudowa-Zdroj"]
[Date "1899-12-30"]
[Round "1.19"]
[White "Pacan-milej, Kosma"]
[Black "Gazik, Viktor"]
[Result "1-0"]
[WhiteTitle "FM"]
[BlackTitle "IM"]
[WhiteElo "2282"]
[BlackElo "2501"]

1. e4 c5 2. Nf3 Nf6 3. e5 Nd5 4. Nc3 Nxc3 5. dxc3 Nc6 6. Bf4 e6 7. Qd2 a6 8. c4
Qc7 9. h4 b6 10. Bd3 Bb7 11. Be4 h6 12. h5 b5 13. O-O bxc4 14. Rfe1 Ne7 15. Qe2
Rb8 16. Qxc4 Nd5 17. Bg3 Bc6 18. Qd3 Nb4 19. Qe2 Bxe4 20. Qxe4 c4 21. Nd4 Bc5
22. Rad1 Nxa2 23. Qg4 Rg8 24. Nf5 Kf8 25. Nd6 Bxd6 26. Rxd6 Nb4 27. Red1 Nd5 28.
R1xd5 exd5 29. Rxd7 Qc6 30. e6 fxe6 31. Qf4+ 1-0

[Event "Druzynowe Mistrzostwa Polski Juniorow - Ekstraliga 2018"]
[Site "Kudowa-Zdroj"]
[Date "1899-12-30"]
[Round "1.20"]
[White "Godzwon, Iwo"]
[Black "Raclawicki, Kacper"]
[Result "1-0"]
[WhiteTitle "k"]
[BlackTitle "I"]
[WhiteElo "2218"]
[BlackElo "1799"]

1. e4 g6 2. d4 d6 3. Nc3 Bg7 4. Be3 Nf6 5. Be2 O-O 6. f4 e5 7. dxe5 dxe5 8. Qxd8
Rxd8 9. fxe5 Ne8 10. Bg5 Rd4 11. Nf3 Rd7 12. Bc4 Nc6 13. e6 fxe6 14. Bxe6+ Kh8
15. Bxd7 Bxd7 16. O-O-O Be6 17. Nd5 a5 18. Bd2 Kg8 19. Bc3 Bh6+ 20. Kb1 b5 21.
Nd4 Nxd4 22. Bxd4 Bxd5 23. exd5 Rd8 24. Rhe1 Nd6 25. Be5 Nc4 26. Bxc7 Nd2+ 27.
Ka1 Rxd5 28. Bxa5 Rd6 29. Bxd2 Bxd2 30. Re2 Bb4 31. Rxd6 Bxd6 32. h3 1-0

[Event "Druzynowe Mistrzostwa Polski Juniorow - Ekstraliga 2018"]
[Site "Kudowa-Zdroj"]
[Date "1899-12-30"]
[Round "1.21"]
[White "Czernecki, Andrzej"]
[Black "Oborski, Artur"]
[Result "0-1"]
[WhiteTitle "II+"]
[BlackTitle "I+"]
[WhiteElo "1472"]
[BlackElo "1821"]

1. e4 c5 2. Nf3 d6 3. d4 cxd4 4. Nxd4 Nf6 5. Nc3 Nc6 6. f3 e5 7. Nb3 Be7 8. Be3
O-O 9. Qd2 a5 10. Bb5 Na7 11. Be2 Be6 12. O-O Nc8 13. Bb5 Nb6 14. Qf2 Nc4 15.
Bxc4 Bxc4 16. Rfd1 a4 17. Bb6 Qc8 18. Na5 a3 19. b3 Be6 20. Nb5 Nd7 21. Nxd6 Bxd6
22. Rxd6 Nxb6 23. Qxb6 Qc3 24. Rad1 Qxa5 25. Qxb7 Ra7 26. Qb6 h6 27. Qe3 Rc7 28.
c4 Qb4 29. Kh1 Qb7 30. Qc3 Rc5 31. Qe3 Rfc8 32. Qd2 Kh7 33. Qc3 Qa7 34. Qd2 R5c6
35. Rd3 Qc5 36. h3 Re8 37. Kh2 Re7 38. Rd8 Rcc7 39. Qd6 Qxd6 40. R1xd6 Ra7 41.
Kg3 Reb7 42. Rd3 Kg6 43. R8d6 Rd7 44. Rd2 Kf6 45. f4 exf4+ 46. Kxf4 g5+ 47. Ke3
Ke5 48. R6d3 Rxd3+ 49. Rxd3 Rd7 50. g3 Rxd3+ 51. Kxd3 Bxh3 52. b4 Bg2 0-1

[Event "Druzynowe Mistrzostwa Polski Juniorow - Ekstraliga 2018"]
[Site "Kudowa-Zdroj"]
[Date "1899-12-30"]
[Round "1.23"]
[White "Sowa, Wiktoria"]
[Black "Jarocka, Liwia"]
[Result "0-1"]
[WhiteTitle "k"]
[BlackTitle "FM"]
[WhiteElo "1952"]
[BlackElo "1984"]

1. e4 c5 2. Nf3 e6 3. b3 Nf6 4. e5 Nd5 5. Bb2 Be7 6. g3 Nc6 7. Bg2 f6 8. c4 Ndb4
9. O-O O-O 10. d3 Nxe5 11. Nxe5 fxe5 12. a3 Nc6 13. Bxc6 bxc6 14. Bxe5 d6 15.
Bf4 e5 16. Be3 Bh3 17. Re1 Qd7 18. f4 exf4 19. Bxf4 Bf6 20. Ra2 Bd4+ 21. Kh1 Bg4
22. Qc1 Bf3+ 23. Rg2 Qh3 24. Qd2 Rae8 25. Rf1 Re2 26. Rxf3 Qxg2# 0-1

[Event "Druzynowe Mistrzostwa Polski Juniorow - Ekstraliga 2018"]
[Site "Kudowa-Zdroj"]
[Date "1899-12-30"]
[Round "1.24"]
[White "Hertlein, Irena"]
[Black "Starosta, Martyna"]
[Result "1-0"]
[WhiteTitle "I+"]
[BlackTitle "WCM"]
[WhiteElo "1545"]
[BlackElo "1740"]

1. e4 e5 2. Nf3 Nc6 3. d4 exd4 4. Nxd4 Nf6 5. Nc3 Bb4 6. Nxc6 bxc6 7. Bd3 d5 8.
exd5 cxd5 9. O-O O-O 10. Bg5 c6 11. Qf3 Bd6 12. Bxf6 Qxf6 13. Qxf6 gxf6 14. Ne2
c5 15. c3 Rb8 16. Rab1 Re8 17. Rfe1 Bd7 18. c4 dxc4 19. Bxc4 Be6 20. Bxe6 Rxe6
21. h3 Bc7 22. Kf1 Reb6 23. b3 c4 24. Rbc1 Rb4 25. Rxc4 Rxc4 26. bxc4 Rb2 27.
Nc3 Ba5 28. Rc1 Bxc3 29. Rxc3 Rxa2 30. c5 Rb2 31. c6 Rb8 32. Ra3 Rc8 33. Ra6 Rc7
34. Ke2 Kf8 35. Ke3 Ke7 36. Ke4 Kd6 37. f3 Kc5 38. Kf5 Kb5 39. Ra2 a5 40. Kxf6
Kb4 41. Rb2+ Kc3 42. Rb6 Kc4 43. f4 Kc5 44. Rb8 Kxc6 45. Ra8 Kb6 46. f5 h5 47.
g4 h4 48. g5 Rc3 49. Kxf7 Rxh3 50. g6 Rf3 51. f6 h3 52. g7 Rg3 53. g8=Q Rxg8 54.
Rxg8 1-0

[Event "Druzynowe Mistrzostwa Polski Juniorow - Ekstraliga 2018"]
[Site "Kudowa-Zdroj"]
[Date "1899-12-30"]
[Round "1.25"]
[White "Gumularz, Szymon"]
[Black "Szczurek, Krzysztof"]
[Result "0-1"]
[WhiteTitle "IM"]
[BlackTitle "FM"]
[WhiteElo "2461"]
[BlackElo "2136"]

1. e4 c5 2. Nc3 a6 3. Nf3 d6 4. d4 cxd4 5. Nxd4 Nf6 6. Nb3 e6 7. g4 Nc6 8. g5 Nd7
9. h4 Be7 10. Be3 b5 11. Bd3 Qc7 12. Qe2 Nc5 13. a4 Nxd3+ 14. cxd3 b4 15. Nb1
a5 16. N1d2 d5 17. Rc1 Bb7 18. exd5 exd5 19. Bc5 O-O 20. Bxe7 Rfe8 21. O-O Rxe7
22. Qg4 Qd6 23. Nf3 Rae8 24. Nbd4 Nxd4 25. Nxd4 g6 26. Rc2 f5 27. Qg3 Qxg3+ 28.
fxg3 Re3 29. Rf3 Rxf3 30. Nxf3 Re3 31. Kf2 Rxd3 32. Ne5 Rb3 33. Nd7 d4 34. Nf6+
Kf8 35. Nxh7+ Ke8 36. Rc7 Rxb2+ 37. Ke1 Bf3 38. Nf6+ Kd8 39. Rd7+ Kc8 40. g4 Re2+
41. Kf1 b3 42. Rd6 b2 43. Rb6 d3 0-1

[Event "Druzynowe Mistrzostwa Polski Juniorow - Ekstraliga 2018"]
[Site "Kudowa-Zdroj"]
[Date "1899-12-30"]
[Round "1.26"]
[White "Warchol, Bartosz"]
[Black "Czopor, Maciej"]
[Result "0-1"]
[WhiteTitle "I++"]
[BlackTitle "k"]
[WhiteElo "1950"]
[BlackElo "2217"]

1. d4 Nf6 2. c4 e6 3. Nf3 d5 4. g3 dxc4 5. Bg2 Nc6 6. Qa4 Bb4+ 7. Bd2 Nd5 8. Bxb4
Ndxb4 9. O-O Rb8 10. Nc3 a6 11. Ne5 Qxd4 12. Nxc6 Nxc6 13. Bxc6+ bxc6 14. Qxc6+
Qd7 15. Qxc4 O-O 16. Rfd1 Qe7 17. b3 Rb4 18. Qd3 Bb7 19. Rac1 h5 20. Na4 h4 21.
Rc4 hxg3 22. hxg3 Rb5 23. Rh4 f5 24. Qd7 Qf6 25. Qxc7 Rd5 26. Re1 Rf7 27. Qc3
e5 28. Nc5 Qc6 29. Na4 Rd1 30. Qxc6 Rxe1+ 31. Kh2 Bxc6 0-1